000 02015nam a2200373 a 4500
003 BLK
005 20230719152436.0
008 180911b bul|||||r ||||||| ||bul||
010 _a002039
040 _aBLK
041 _aBUL
_cBUL
080 _aИстория на България
_x(092)
_b94(497.2)(092)
080 _aСъби Стойков Попович. Български революционер и възрожденец, революционен демократ, публицист, журналист, историк и етнограф
_b929 Раковски, Георги Сава
100 1 _aПопов, Черньо
_eпърви автор
_9112155
139 _aПопов, Черньо
245 0 0 _aЧерти из живота на Сава С. Раковски
_cЧерньо Попов.
250 _a2. изд.
260 _aРусе
_bпеч. Св. Кирил и Методий
_c1893
300 _a142 с
_c24 см
380 _a9
490 _aЧастна колекция - Академик Михаил Арнаудов
_gДарение - Основен фонд
500 _a Подчертавания и коментари по полетатаБележка : Ат. Кръстев, спис. Критика, р 57-8. - Подчертавания в предговора : името на Йосиф Г. Дайнелов;
650 _aИстория
_9399123
650 _aБиографии
_9148657
650 _aПисатели
_9166332
650 _aКритика
_9159735
655 _aбългарско литературознание
852 _aМА 2604
_bМА
856 _i0.00
_lreg users access
_fЧерти из живота на Сава С. Раковски
_qpdf
_uhttp://185.138.176.146:18082/cgi-bin/koha/opac-retrieve-file.pl?id=1eb2fcbb53bd335baeab72d9a22f08ab
_xebook
_zЧерти из живота на Сава С. Раковски
942 _cKNG
_n0
_s1
944 _aCR
_c1997
_k30556
_lТеодора Пейчева-Дянкова
999 _c342400
_d342400
999 _d342400
999 _d342400